1395 1767 1153 1990 1182 1282 1251 1303 1416 1714 1387 1305 1183 1984 1025 1919 1047 1910 1276 1366 1842 1444 1692 1451 1148 1879 1161 1909 1506 1064 1054 1952 1668 1303 1761 1401 1318 1695 1593 1118 1310 1276 1179 1817 1076 1217 1864 1233 1030 1474 1206 1393 1721 1534 1233 1055 1648 1014 1516 1513 1712 1723 1900 1106 1493 1721 1456 1223 1201 1491 1410 1979 1879 1887 1825 1987 1130 1112 1667 1959 1799 1860 1794 1433 1841 1430 1471 1309 1402 1744 1595 1763 1441 1755 1093 1267 1393 1148 1209 BCNSPRNW ULIB Ver.6.0+V

เปลี่ยนเป็นภาษาไทย

Change to English
 แสดงรายละเอียดบรรณานุกรม
  กลับหน้าหลัก

Brief Record : Get Marc (ISO 2709) : E-mail record : QR code < ปิดหน้าต่าง
LEADER : 00000nam 2200000uu 4500
001    13399128683
003     ULIB
008    020711s2563 th a 000 0 tha d
020    ^a9789742968496
060    ^aWS105^bก151ค
110    ^aกรมสุขภาพจิต, กระทรวงสาธารณสุข
245    ^aคู่มือประเมินเพื่อช่วยเหลือเด็กปฐมวัยที่มีปัญหาพัฒนาการ(Thai Early Development Assessment for Intervention : TEDA4I)
250    ^aพิมพ์ครั้งที่ 6
260    ^aกรุงเทพฯ :^bโรงพิมพ์ชุมนุมสหกรณ์การเกษตรแห่งประเทศไทย จำกัด,^c2563
300    ^a132 หน้า;^c16 ซม.
650    ^aเด็กปฐมวัย^xพัฒนาการ
650    ^aเด็กปฐมวัย^xการประเมิน
945    ^p0^l0^i010330
945    ^p0^l0^i010331
945    ^p0^l0^i010332
945    ^p0^l0^i010333
945    ^p0^l0^i010334
945    ^p0^l0^i010335
945    ^p0^l0^i010336
945    ^p0^l0^i010337
945    ^p0^l0^i010338
945    ^p0^l0^i010339
999    ^aประนอม เกษจรัล
รายการนี้ยังไม่มีแท็ก
คุณยังไม่ได้ล็อกอิน คุณสามารถมีกิจกรรมร่วมกับเว็บไซต์ได้ แต่ต้องล็อกอินก่อน ::
  ล็อกอิน

รายการสื่อสารสนเทศ

ลำดับที่ ประเภท เลขเรียก/บาร์โค้ด สถานที่ สถานะ
1. วิทยาศาสตร์การแพทย์ และสุขภาพ
หนังสือสำรอง
สถานะ=หนังสือสำรอง
WS105 ก151ค ฉ.1 
  Barcode: 010330
ห้องสมุดวิทยาเขตสวรรค์ประชารักษ์
►หนังสือทั่วไป
บนชั้น
2. วิทยาศาสตร์การแพทย์ และสุขภาพ
วิทยาศาสตร์การแพทย์ และสุขภาพ
WS105 ก151ค ฉ.10 
  Barcode: 010339
ห้องสมุดวิทยาเขตสวรรค์ประชารักษ์
►หนังสือทั่วไป
บนชั้น
3. วิทยาศาสตร์การแพทย์ และสุขภาพ
วิทยาศาสตร์การแพทย์ และสุขภาพ
WS105 ก151ค ฉ.2 
  Barcode: 010331
ห้องสมุดวิทยาเขตสวรรค์ประชารักษ์
►หนังสือทั่วไป
บนชั้น
4. วิทยาศาสตร์การแพทย์ และสุขภาพ
วิทยาศาสตร์การแพทย์ และสุขภาพ
WS105 ก151ค ฉ.3 
  Barcode: 010332
ห้องสมุดวิทยาเขตสวรรค์ประชารักษ์
►หนังสือทั่วไป
บนชั้น
5. วิทยาศาสตร์การแพทย์ และสุขภาพ
วิทยาศาสตร์การแพทย์ และสุขภาพ
WS105 ก151ค ฉ.4 
  Barcode: 010333
ห้องสมุดวิทยาเขตสวรรค์ประชารักษ์
►หนังสือทั่วไป
บนชั้น
6. วิทยาศาสตร์การแพทย์ และสุขภาพ
วิทยาศาสตร์การแพทย์ และสุขภาพ
WS105 ก151ค ฉ.5 
  Barcode: 010334
ห้องสมุดวิทยาเขตสวรรค์ประชารักษ์
►หนังสือทั่วไป
บนชั้น
7. วิทยาศาสตร์การแพทย์ และสุขภาพ
วิทยาศาสตร์การแพทย์ และสุขภาพ
WS105 ก151ค ฉ.6 
  Barcode: 010335
ห้องสมุดวิทยาเขตสวรรค์ประชารักษ์
►หนังสือทั่วไป
บนชั้น
8. วิทยาศาสตร์การแพทย์ และสุขภาพ
วิทยาศาสตร์การแพทย์ และสุขภาพ
WS105 ก151ค ฉ.7 
  Barcode: 010336
ห้องสมุดวิทยาเขตสวรรค์ประชารักษ์
►หนังสือทั่วไป
บนชั้น
9. วิทยาศาสตร์การแพทย์ และสุขภาพ
วิทยาศาสตร์การแพทย์ และสุขภาพ
WS105 ก151ค ฉ.8 
  Barcode: 010337
ห้องสมุดวิทยาเขตสวรรค์ประชารักษ์
►หนังสือทั่วไป
บนชั้น
10. วิทยาศาสตร์การแพทย์ และสุขภาพ
วิทยาศาสตร์การแพทย์ และสุขภาพ
WS105 ก151ค ฉ.9 
  Barcode: 010338
ห้องสมุดวิทยาเขตสวรรค์ประชารักษ์
►หนังสือทั่วไป
บนชั้น

BibComment


ยังไม่เคยถูกคอมเมนท์

คอมเมนท์ทรัพยากรรายการนี้
  คอมเมนท์: คู่มือประเมินเพื..


 Copyright 2026. Bcnsprnw @Library